Hearings before the Joint Economic Committee Congress of the United States: One hundred first congress

Na minha lista:
Detalhes bibliográficos
Autor Corporativo: Joint Economic Committee
Formato: Livro
Idioma:Undetermined
Publicado em: Washington Superintendent o Documents, Congressional Sales Office 1989
Assuntos:
Tags: Adicionar Tag
Sem tags, seja o primeiro a adicionar uma tag!
Thư viện lưu trữ: Trung tâm Học liệu Trường Đại học Cần Thơ
LEADER 00680nam a2200205Ia 4500
001 CTU_98934
008 210402s9999 xx 000 0 und d
082 |a 330.9 
082 |b J74 
110 |a Joint Economic Committee 
245 0 |a Hearings before the Joint Economic Committee Congress of the United States: 
245 0 |b One hundred first congress 
245 0 |c Joint Economic Committee 
260 |a Washington 
260 |b Superintendent o Documents, Congressional Sales Office 
260 |c 1989 
650 |a Economic conditions,Industry policy 
650 |z United states,United states 
904 |i Năm 
980 |a Trung tâm Học liệu Trường Đại học Cần Thơ